| 000 | 00826nam a2200253Ia 4500 | ||
|---|---|---|---|
| 001 | 17745 | ||
| 003 | GE_BSU | ||
| 008 | 181216s||||||||xx |||||||||||||| ||und|| | ||
| 020 | _a9994029004 | ||
| 040 | _cGE_BSU | ||
| 080 | _a811.133.1'276 | ||
| 100 | _aჯაში,ქეთევან | ||
| 245 | _aფრანგული არგო(ქსეროქსი) | ||
| 245 | _bფრანგული ქურდული ჟარგონი | ||
| 260 | _aთბილისი | ||
| 260 | _bენა და კულტურა | ||
| 260 | _c2003 | ||
| 300 | _a160გვ;16სმ | ||
| 541 | _h5ლ.95თ | ||
| 653 | _aფრანგული არგო | ||
| 653 | _aფრანგული ენა | ||
| 653 | _aფრანგული ქურდული ჟარგონი | ||
| 942 | _cBK | ||
| 999 |
_c50793 _d50793 |
||